| 000 | 00521nam a2200193Ia 4500 | ||
|---|---|---|---|
| 008 | 240510s9999 xx 000 0 und d | ||
| 020 | _a0003540417915 | ||
| 041 | _aEng | ||
| 082 | _a005.12 | ||
| 082 | _bO43 | ||
| 100 | _aOliveira, J.N. : Zave, Pam(Eds) | ||
| 245 | 0 | _aFME 2001 Formal Methods for increasing software productivity :Lecture notes in computer science:Proceedings | |
| 260 | _bSpringer: Tokyo | ||
| 260 | _c2001 | ||
| 300 | _a628 p. | ||
| 650 | _aformal methods | ||
| 942 | _2ddc | ||
| 942 | _cRBK | ||
| 999 |
_c27410 _d27410 |
||
| 945 |
_a1 _bMadushi Gamage _c1 _dMadushi Gamage |
||